LIBRARY & INFORMATION CENTRE, KCAET, TAVANUR

ONLINE PUBLIC ACCESS CATALOGUE (OPAC)

Development and testing of a semi mechanical ginger peeler (Record no. 15050)

MARC details
000 -LEADER
fixed length control field 00659nam a22001817a 4500
003 - CONTROL NUMBER IDENTIFIER
control field OSt
088 ## - REPORT NUMBER
Report number P 47
100 ## - MAIN ENTRY--AUTHOR NAME
Personal name ANIE JOHN S
-- MANOJ P. K
-- MOHAMED NIZAR U. A
-- SATHYAN K
245 ## - TITLE STATEMENT
Title Development and testing of a semi mechanical ginger peeler
260 ## - PUBLICATION, DISTRIBUTION, ETC. (IMPRINT)
Place of publication Tavanur 1996
Name of publisher Department of Post-Harvest Technology and Agricultural Processing
300 ## - PHYSICAL DESCRIPTION
Number of Pages 58
500 ## - GENERAL NOTE
General note Development and testing of a semi mechanical ginger peeler
520 ## - SUMMARY, ETC.
Summary, etc Abrasion unit - wooden roller
700 ## - ADDED ENTRY--PERSONAL NAME
Personal name Er. Prince M. V (Guide)
856 ## - ELECTRONIC LOCATION AND ACCESS
Uniform Resource Identifier https://drive.google.com/open?id=1PDK_U67MxbmOE5ucKiBu9dcZQ63Mxqtg
942 ## - ADDED ENTRY ELEMENTS (KOHA)
Koha item type Project Report
Holdings
Collection code Home library Current library Shelving location Full call number Accession Number Koha item type
Reference KAUAET KAUAET Reference 631.56 ANI/DE P 47 Project Report
free website counter